000 00690nam a2200229Ia 4500
003 OSt
005 20220926021946.0
006 a|||||r|||| 00| 0
007 ta
008 220923b |||||||| |||| 00| 0 eng d
037 _cGeneral Book
040 _aRTL
_cRTL
_beng
041 _2eng
_aeng
082 _aV1N45,93:3:(XoaY).N75r, L5/UN
110 _aUNITED NATIONS, ECONOMIC AND SOCIAL COUNCIL.
245 0 _aOfficial records.
260 _aNew York
_bUnited Nations
_c1975
300 _axii,93p.
_ccm.
700 _aUNITED NATIONS, ECONOMIC AND SOCIAL COUNCIL.
942 _hV1N45,93:3:(XoaY).N75r, L5/UN
_cGB
_2CC
999 _c638162
_d638162